| 000 | 00663nam a2200217 a 4500 | ||
|---|---|---|---|
| 005 | 20240924070229.0 | ||
| 008 | 991125s1996 mx 000 0 spa u | ||
| 020 | _a9682320038 | ||
| 035 | _aUPN01000053525 | ||
| 049 | _aCG | ||
| 050 | 4 |
_aB2430 R5.53 _bS6.58 |
|
| 100 | 1 |
_aRicoeur, Paul, _d1913-2005 _929447 |
|
| 245 | 1 | 0 |
_aSí mismo como otro / _cpor Paul Ricoeur ; tr. Agustín Neira Calvo ; colab. de María Cristina Alas de Tolivar. |
| 260 |
_aMéxico : _bSiglo XXI, _c1996. |
||
| 300 | _a415 p. | ||
| 440 | 0 | _aFilosofía | |
| 650 | 4 |
_aÉtica _912720 |
|
| 650 | 4 |
_aPERSONALIDAD - _xFILOSOFIA _922217 |
|
| 650 | 4 |
_aYO, EL (FILOSOFIA) _98267 |
|
| 905 | _aLibro | ||
| 999 |
_c53525 _d53525 |
||